000 00408ntaaa2200169 4500
003 01
005 20251027202744.0
008 0714s1973 ag 01
040 _aAR-BaBN
_bspa
_cAR-BaBN
_eaacr
_dRIC
082 _a790.0000 M26
100 _aMadow, Pauline
_927621
245 _aRecreation in America
250 _a1 ed.
260 _aNew York :
_bH.W. Wilson Company,
_cc1965
300 _a206 p
942 _cBK
999 _c22807
_d22807